000 00676cam a22002295a 4500
001 L158485
008 150318 1922
035 _a(Sirsi) u158485
041 _aeng
100 _aParry, Richard
245 _aParry's valuation and conversion tables
250 _a9 ed
260 _aLondon
_bEstates Gazette
_c1969
300 _axxxviii,314p. ; 22cm.
520 _aCompliation of valuation and conversion tables includes Years Purchase Tables, English Life Tables and Conversion Tables.
590 _aKA
650 _aENGLISH LIFE TABLES
651 4 _aUnited Kingdom
_y
700 1 _aDavidson, A.W.
942 _n0
948 _c04/03/1997
999 _c115337
_d115337